Catálogo
 En Linea

Sin miedo a fallar / (Registro nro. 50324)

Detalles MARC
000 -CABECERA
campo de control de longitud fija 00593nam a22002057a 4500
003 - IDENTIFICADOR DEL NÚMERO DE CONTROL
campo de control DO-SdBNP
005 - FECHA Y HORA DE LA ÚLTIMA TRANSACCIÓN
campo de control 20210830113406.0
007 - CAMPO FIJO DE DESCRIPCIÓN FÍSICA--INFORMACIÓN GENERAL
campo de control de longitud fija ta
008 - DATOS DE LONGITUD FIJA--INFORMACIÓN GENERAL
campo de control de longitud fija 210830e2017 dr ||||gr|||| 000 0dspa d
040 ## - FUENTE DE LA CATALOGACIÓN
Centro catalogador/agencia de origen DO-SdBNP
Lengua de catalogación spa
Centro/agencia transcriptor BNPHU
041 ## - CÓDIGO DE LENGUA
Código de lengua original spa
082 ## - NÚMERO DE LA CLASIFICACIÓN DECIMAL DEWEY
Número de documento/Ítem E561s
100 1# - ENTRADA PRINCIPAL--NOMBRE DE PERSONA
9 (RLIN) 43300
Nombre de persona Encarnación Genery, Eligio Ant.
Fechas asociadas al nombre 1952-
245 13 - MENCIÓN DE TÍTULO
Título Sin miedo a fallar /
Resto del título Eligio Ant. Encarnación
260 ## - PUBLICACIÓN, DISTRIBUCIÓN, ETC.
Lugar de publicación, distribución, etc. Santo Domingo :
Nombre del editor, distribuidor, etc. Descreative/Taller publicitario,
Fecha de publicación, distribución, etc. 2017
300 ## - DESCRIPCIÓN FÍSICA
Extensión 126 p.;
Otras características físicas 21 cm
500 ## - NOTA GENERAL
Nota general Incluye biografía del autor.
590 ## - NOTA LOCAL (RLIN)
Nota local Invnetariado 2021 / MF
942 ## - ELEMENTOS DE PUNTO DE ACCESO ADICIONAL (KOHA)
Fuente del sistema de clasificación o colocación Dewey Decimal Classification
Tipo de ítem Koha Libro
Existencias
Estado de retiro Estado de pérdida Fuente del sistema de clasificación o colocación Restricciones de uso No para préstamo Código de colección Localización permanente Ubicación/localización actual Ubicación en estantería Fecha de adquisición Fuente de adquisición Total de préstamos Signatura topográfica completa Código de barras Fecha visto por última vez Precio válido a partir de Tipo de ítem Koha Número de copia Nota pública
    Dewey Decimal Classification Préstamo en sala   Dominicana de Servicio Biblioteca Nacional Pedro Henríquez Ureña General Depósito 02.10.2017 Depósito legal   E561s 2021-25835 30.08.2021 30.08.2021 Libro y Folleto Colección Dominicana de Servicio e.3  
    Dewey Decimal Classification Excluido de préstamo   Patrimonio Dominicano Biblioteca Nacional Pedro Henríquez Ureña Patrimonio Dominicano Depósito 02.10.2017 Depósito legal   E561s 2021-25833 30.08.2021 30.08.2021 Libro y Folleto Colección Patrimonio Dominicano    
    Dewey Decimal Classification Excluido de préstamo   Patrimonio Dominicano Biblioteca Nacional Pedro Henríquez Ureña Patrimonio Dominicano Depósito 02.10.2017 Depósito legal   E561s 2021-25834 30.08.2021 30.08.2021 Libro y Folleto Colección Patrimonio Dominicano e.2 Ejemplar autobiografiado

Con tecnología Koha